[Event "FRG-CupT"]
[Site "Germany"]
[Date "1989.??.??"]
[Round "5.1"]
[White "Huebner, Robert"]
[Black "Kortschnoj, Viktor"]
[Result "1/2-1/2"]
[WhiteElo "2600"]
[BlackElo "2610"]
[PlyCount "62"]
[EventDate "1989.??.??"]
[Source "ChessBase"]

1. e4 e5 2. Nf3 Nc6 3. Bb5 a6 4. Ba4 Nf6 5. O-O Nxe4 6. d4 b5 7. Bb3 d5 8. dxe5 Be6 9. Nbd2 Be7 10. c3 O-O 11. Bc2 f5 12. Nb3 Qd7 13. Nbd4 Nxd4 14. Nxd4 c5 15. Nxe6 Qxe6 16. f3 Ng5 17. a4 g6 18. Bxg5 Bxg5 19. f4 Be7 20. axb5 axb5 21. Rxa8 Rxa8 22. g4 fxg4 23. f5 gxf5 24. Rxf5 Ra6 25. Kh1 Kh8 26. Qxg4 Ra1+ 27. Kg2 Qg8 28. Qxg8+ Kxg8 29. e6 Re1 30. Kf2 Rxe6 31. Rxd5 Rd6 1/2-1/2

[Event "Moscow RUS"]
[Site "?"]
[Date "2005.02.18"]
[Round "4"]
[White "Ganguly Surya Shekhar"]
[Black "Najer Evgeniy"]
[Result "1/2-1/2"]
[WhiteElo "2585"]
[BlackElo "2624"]
[PlyCount "113"]
[EventDate "2005.??.??"]
[Source "www.chesslib.no"]
[SourceDate "2004.05.04"]

1. e4 e5 2. Nf3 Nc6 3. Bb5 a6 4. Ba4 Nf6 5. O-O Nxe4 6. d4 b5 7. Bb3 d5 8. dxe5 Be6 9. Nbd2 Nc5 10. c3 Be7 11. Bc2 d4 12. Nb3 d3 13. Bb1 Nxb3 14. axb3 Bf5 15. Be3 O-O 16. Nd4 Nxd4 17. cxd4 c5 18. Bxd3 cxd4 19. Bxd4 Qxd4 20. Bxf5 Qxb2 21. Qd5 Rfd8 22. Bd7 Ra7 23. e6 Kh8 24. Qf3 Qf6 25. Qe3 Raa8 26. Bc6 Rab8 27. exf7 Qxf7 28. Rxa6 Bf6 29. Qf3 Rd6 30. Qh3 Qe6 31. Qxe6 Rxe6 32. Rd1 b4 33. g3 g6 34. Rd7 Rd8 35. Ra8 Rxa8 36. Bxa8 Bc3 37. Kg2 Re2 38. Bc6 Rb2 39. Bd5 Rd2 40. h4 Bd4 41. Rf7 Bxf2 42. Rxf2 Rxd5 43. Rf4 Rd2+ 44. Kh3 h5 45. Rxb4 Kg7 46. Rf4 Rb2 47. b4 Kh6 48. Rc4 Kg7 49. g4 Rb3+ 50. Kg2 hxg4 51. Rxg4 Kh6 52. Kf2 Kh5 53. Rd4 g5 54. hxg5 Kxg5 55. Ke2 Kf5 56. Kd2 Ke5 57. Kc2 1/2-1/2